LEADER 02070nam 2200505I 450 001 9910704877003321 005 20140212125733.0 035 $a(CKB)5470000002444963 035 $a(OCoLC)870179171 035 $a(EXLCZ)995470000002444963 100 $a20140207d2013 ua 0 101 0 $aeng 135 $aurcn||||||||| 181 $ctxt$2rdacontent 182 $cc$2rdamedia 183 $acr$2rdacarrier 200 10$aCharacterizing the in-phase reflection bandwidth theoretical limit of artificial magnetic conductors with a transmission line model /$fYunsong Xie [and five others] 210 1$aCleveland, Ohio :$cNational Aeronautics and Space Administration, Glenn Research Center,$d2013. 215 $a1 online resource (5 pages) $ccolor illustrations 225 1 $aNASA/TM ;$v2013-217866 300 $aTitle from title screen (viewed on Feb. 7, 2014). 300 $a"May 2013." 300 $a"Prepared for the International Microwave Symposium for 2013 (IMS2013) cosponsored by the Institute of Electrical and Electronics Engineers, Microwave Theory and Techniques Society (MTT-S), Seattle, Washington, June 2-7, 2013." 320 $aIncludes bibliographical references (pages 4-5). 606 $aTransmission lines$2nasat 606 $aSatellite communication$2nasat 606 $aConductors$2nasat 606 $aBandwidth$2nasat 606 $aSpace communication$2nasat 606 $aTelecommunication$2nasat 615 7$aTransmission lines. 615 7$aSatellite communication. 615 7$aConductors. 615 7$aBandwidth. 615 7$aSpace communication. 615 7$aTelecommunication. 700 $aXie$b Yunsong$01398568 712 02$aNASA Glenn Research Center, 712 02$aUnited States.$bNational Aeronautics and Space Administration, 801 0$bGPO 801 1$bGPO 906 $aBOOK 912 $a9910704877003321 996 $aCharacterizing the in-phase reflection bandwidth theoretical limit of artificial magnetic conductors with a transmission line model$93462122 997 $aUNINA